| 000 | 01011nam a2200301Ia 4500 | ||
|---|---|---|---|
| 001 | Para_9684 | ||
| 003 | CHAP | ||
| 008 | 220125s9999 xx 000 0 und d | ||
| 010 | _a208360 | ||
| 040 | _cCHAP | ||
| 090 | _aPA TESIS 2305 | ||
| 100 |
_aHernández Bautista, Aurelio _953841 |
||
| 245 |
_aCorroboración e identificación de Claviceps purpurea en el Municipio Nanacamilpa, Tlaxcala / _c Aurelio Hernández Bautista. |
||
| 260 |
_aChapingo, Méx. : _b el autor, 2009 |
||
| 300 | _a62 h. | ||
| 502 | _aTesis(Ing. Agr. Esp. en Parasitología Agrícola) -- UACh. Departamento Parasitología Agrícola | ||
| 650 |
_aCornezuelo de centeno _9174686 |
||
| 650 |
_aHongos fitopatogenos _956132 |
||
| 650 |
_aTriticum aestivum L. _9174687 |
||
| 710 |
_aUACh. Departamento Parasitología Agrícola _9164025 |
||
| 901 | _aPA TESIS 2305 | ||
| 902 | _aA | ||
| 905 | _a500220 8000000000 00 | ||
| 910 | _a | ||
| 942 | _cPARA | ||
| 942 |
_cPARA _d2 |
||
| 999 |
_c208360 _d208360 |
||